Kultúrny dom , Kežmarok

Gespeichert in:
Bibliographische Detailangaben
1. Verfasser: Tomíková, Alexandra (Verfasst von)
Weitere Verfasser: Skoček, Iľja (Betreuung Doktorarbeit)
Format: Manuskript Buch
Sprache:Slowakisch
Veröffentlicht: 2025
Schlagworte:
Online-Zugang:http://is.stuba.sk/zp/portal_zp.pl?podrobnosti=181864
CRZP
Tags: Tag hinzufügen
Keine Tags, Fügen Sie das erste Tag hinzu!

MARC

LEADER 00000ntm a22000003a 4500
001 stuzp104273
003 SK-STU
005 20250801122609.2
007 ta
008 150427s2015----xo-----f-mn---000-0-slo-d
040 |a STU  |b slo 
041 0 |a slo 
100 1 |a Tomíková, Alexandra  |u 010310  |4 aut  |U SvF Stavebná fakulta  |T SvF Katedra architektúry  |X 104786  |U V181|V310  |Y 19  |7 104786 
242 0 1 |a Culture center, Kežmarok  |y eng 
245 1 0 |a Kultúrny dom , Kežmarok 
260 |c 2025 
650 4 |a unification  |2 eng 
650 4 |a square  |2 eng 
650 4 |a culture center  |2 eng 
650 4 |a kultúrny dom  |2 slo 
650 4 |a zjednotenie  |2 slo 
650 4 |a námestie  |2 slo 
700 1 |a Skoček, Iľja  |u 010310  |k Z8  |4 ths  |U SvF Stavebná fakulta  |T SvF Katedra architektúry  |X 71168  |U V181|V310  |Y 19  |7 71168 
856 4 |u http://is.stuba.sk/zp/portal_zp.pl?podrobnosti=181864 
856 4 |u https://opac.crzp.sk/?fn=detailBiblioForm&sid=809C367C54749DCAA141A7FF7E5A  |z CRZP